banner-ar

UNDERSTANDING MOTOR DEVELOPMENT INFANTS , CHILDREN , ADOLESCENTS ADULTS / (Record no. 11582)

MARC details
000 -الفاتح
حقل البيانات ثابتة الطول 00540nam a2200193Ia 4500
008 - عناصر البيانات ثابتة الطول - معلومات عامة
حقل البيانات ثابتة الطول 140319s9999 xx 000 0 eng d
040 ## - مصدر الفهرسة
وكالة الفهرسة الأصلية GCL /
وكالة النسخ GCL
082 04 - رقم تصنيف ديوى العشرى
رقم التصنيف 796.407
رقم المادة G U
100 1# - المدخل الرئيسى - إسم شخصى
الإسم الشخصى GALLAHUE, DAVID
245 10 - بيان العنوان
العنوان UNDERSTANDING MOTOR DEVELOPMENT INFANTS , CHILDREN , ADOLESCENTS ADULTS /
بيان المسئوليه,etc GALLAHUE, DAVID
700 1# - المدخل الاضافى - اسم شخصى
الإسم الشخصى OZMAN, JOHNC
260 ## - PUBLICATION, DISTRIBUTION, ETC. (IMPRINT)
تاريخ النشر أو التوزيع 1995
300 ## - الوصف المادى
التعداد 569 P P
650 04 - المدخل الاضافى بالموضوع-مصطلح موضوعى
مصطلح موضوعي FITNESS
650 04 - المدخل الاضافى بالموضوع-مصطلح موضوعى
مصطلح موضوعي SPORT
650 04 - المدخل الاضافى بالموضوع-مصطلح موضوعى
مصطلح موضوعي MOTOR - DEVELOPEMENT
942 ## - عناصر المدخل الإضافي( كوها)
مصدر التصنيف او مخطط الترفيف Dewey Decimal Classification
Koha [default] item type كتاب
260 ## - PUBLICATION, DISTRIBUTION, ETC. (IMPRINT)
-- [S.N] :
-- WCB BROWN & BENCHANARK ،
Holdings
حالة التراجع حالة الفقد حالة تلف ليس للاعارة المكان المؤقت الموقع الحالى تاريخ الاكتساب اجمالي اﻻعارات رقم الطلب الباركود تاريخ اخر مشاهدة تاريخ تفعيل السعر نوع وعاء كوها
        مكتبة القاهرة الكبرى مكتبة القاهرة الكبرى 03/26/2014   796.407\G U 22835 03/26/2014 03/26/2014 كتاب
        مكتبة القاهرة الكبرى مكتبة القاهرة الكبرى 03/26/2014   796.407\G U 22836 03/26/2014 03/26/2014 كتاب

Powered By

EGPV